Optimalizácia pokrytia WiFi siete pre ŠD Mladá Garda s centralizovaným riadením

Na minha lista:
Detalhes bibliográficos
Autor principal: Melicher, Markus (Author)
Outros Autores: Volenský, Tomáš (Thesis advisor)
Formato: Manuscrito Livro
Idioma:eslovaco
Publicado em: 2015
Assuntos:
Acesso em linha:http://is.stuba.sk/zp/portal_zp.pl?podrobnosti=119166
Tags: Adicionar Tag
Sem tags, seja o primeiro a adicionar uma tag!

MARC

LEADER 00000ntm a22000003a 4500
001 stuzp53074
003 SK-STU
005 20160719154354.5
007 ta
008 150427s2015----xo-----f-mn---000-0-slo-d
040 |a STU  |b slo 
041 0 |a slo 
100 1 |a Melicher, Markus  |u 020020  |4 aut  |U SjF Strojnícka fakulta  |T SjF Ústav automatizácie, merania a aplikovanej informatiky  |X 55105  |U J0020  |Y 802  |7 55105 
242 0 1 |a Optimalization of WiFi network coverage on the dormitory Mladá Garda with centralized management  |y eng 
245 1 0 |a Optimalizácia pokrytia WiFi siete pre ŠD Mladá Garda s centralizovaným riadením 
260 |c 2015 
650 4 |a Optimalizácia  |2 slo 
650 4 |a WiFi  |2 slo 
650 4 |a Bezdrôtové siete  |2 slo 
650 4 |a Riadenie  |2 slo 
650 4 |a Návrh  |2 slo 
650 4 |a Implementácia  |2 slo 
650 4 |a Optimalization  |2 eng 
650 4 |a WiFi  |2 eng 
650 4 |a Wireless networks  |2 eng 
650 4 |a Management  |2 eng 
650 4 |a Design  |2 eng 
650 4 |a Implementation  |2 eng 
700 1 |a Volenský, Tomáš  |4 ths  |X 4039  |7 A000004039 
856 4 |u http://is.stuba.sk/zp/portal_zp.pl?podrobnosti=119166 
996 |b 284J043771  |c J* 2061/BP  |l JJSK  |s A  |a 24  |w stuzp53074_0001 
SQL |a stuzp53074  |b DBP  |c SLO  |d Optimalizácia pokrytia WiFi siete pre ŠD Mladá Garda s centralizovaným riadením  |e 55105  |f Melicher, Markus  |g 020020  |h 4039  |i Volenský, Tomáš  |j 20150615  |k 646  |l 02  |m http://is.stuba.sk/zp/portal_zp.pl?podrobnosti=119166  |n B-AISP  |o 5.2.14. automatizácia